[Event "COL-chT (Women)"]
[Site "Risaralda"]
[Date "2023.11.21"]
[Round "4.2"]
[White "Finley Rosero, Karol Valentina"]
[Black "Rincon Fuquen, Angie Lizeth"]
[Result "1-0"]
[WhiteElo "1683"]
[BlackElo "1532"]
[PlyCount "121"]
[EventDate "2023.11.19"]
[EventType "team-swiss"]
[EventRounds "7"]
[EventCountry "COL"]
[SourceTitle "CB49_2023"]
[SourceDate "2023.12.06"]
[SourceVersion "1"]
[SourceVersionDate "2023.12.06"]
[SourceQuality "1"]
[WhiteTeam "Narino (W)"]
[BlackTeam "Boyaca (W)"]
[WhiteTeamCountry "COL"]
[BlackTeamCountry "COL"]

1. e4 e6 2. d4 d5 3. e5 c5 4. c3 Nc6 5. Nf3 Qb6 6. a3 Bd7 7. b4 c4 8. Bf4 Nge7 9. h4 h5 10. Be2 Nf5 11. Nbd2 g6 12. Nf1 a6 13. Ne3 Nfe7 14. Ng5 Bg7 15. g4 hxg4 16. Bxg4 Na7 17. a4 Qc7 18. Qf3 Nac8 19. Bg3 Nf5 20. Bxf5 gxf5 21. Nxd5 Qc6 22. Ne3 Qxf3 23. Nxf3 Bc6 24. Ke2 b5 25. axb5 axb5 26. Rxa8 Bxa8 27. Ra1 Bc6 28. Nc2 Ne7 29. Ra6 0-0 30. Bf4 Rc8 31. Ne3 Ng6 32. Bg5 Bf8 33. h5 Nh8 34. Ra1 Kh7 35. Bf6 Bh6 36. Ra7 Bxe3 37. Kxe3 Bxf3 38. Kxf3 Kh6 39. Bxh8 Rxh8 40. Rxf7 Kxh5 41. Rb7 Ra8 42. Rxb5 Ra3 43. Rc5 Rxc3+ 44. Kf4 Rc2 45. f3 c3 46. b5 Rb2 47. Rxc3 Rxb5 48. Rc6 Rd5 49. Rd6 Kg6 50. Rxe6+ Kg7 51. Rd6 Ra5 52. Kxf5 Rb5 53. f4 Ra5 54. Ke6 Ra8 55. Rd7+ Kh6 56. f5 Ra5 57. f6 Ra1 58. f7 Kg7 59. Ke7 Ra8 60. e6 Rf8 61. Rd8 1-0

[Event "COL-chT (Women)"]
[Site "Santa Marta"]
[Date "2022.11.03"]
[Round "2.3"]
[White "Rincon Fuquen, Angie Lizeth"]
[Black "Arias Lopez, Maria Angel"]
[Result "1-0"]
[WhiteElo "1483"]
[BlackElo "1186"]
[PlyCount "46"]
[EventDate "2022.11.02"]
[EventType "team-swiss"]
[EventRounds "7"]
[EventCountry "COL"]
[SourceTitle "CBM 211 Extra"]
[Source "ChessBase"]
[SourceDate "2023.01.31"]
[SourceVersion "1"]
[SourceVersionDate "2023.01.31"]
[SourceQuality "1"]
[WhiteTeam "Boyaca (W)"]
[BlackTeam "Magdalena (W)"]
[WhiteTeamCountry "COL"]
[BlackTeamCountry "COL"]

1. d4 d5 2. Nf3 Nc6 3. c4 e6 4. Nc3 Nf6 5. Bg5 Be7 6. Qc2 Nb4 7. Qb1 dxc4 8. a3 Nbd5 9. e3 Nxc3 10. bxc3 Nd5 11. Bxe7 Qxe7 12. Qb5+ c6 13. Qxc4 Bd7 14. e4 Nb6 15. Qb3 c5 16. Bb5 Rc8 17. 0-0 c4 18. Qb2 f6 19. a4 Bxb5 20. Qxb5+ Qd7 21. Rfb1 Qxb5 22. Rxb5 Rc7 23. a5 Nd7 1-0

[Event "COL-chT (Women)"]
[Site "Bucaramanga"]
[Date "2022.09.09"]
[Round "5.3"]
[White "Pinilla Rozo, Maria Alejandra"]
[Black "Rincon Fuquen, Angie Lizeth"]
[Result "0-1"]
[WhiteElo "1412"]
[BlackElo "1469"]
[PlyCount "28"]
[EventDate "2022.09.06"]
[EventType "team-swiss"]
[EventRounds "6"]
[EventCountry "COL"]
[SourceTitle "CBM 210 Extra"]
[Source "ChessBase"]
[SourceDate "2022.11.30"]
[SourceVersion "1"]
[SourceVersionDate "2022.11.30"]
[SourceQuality "1"]
[WhiteTeam "Cundinamarca (W) II"]
[BlackTeam "Boyaca (W)"]
[WhiteTeamCountry "COL"]
[BlackTeamCountry "COL"]

1. e4 e6 2. d4 d5 3. exd5 exd5 4. Bd3 Nf6 5. Ne2 Be7 6. Bf4 0-0 7. Nbc3 c6 8. Qd2 Re8 9. 0-0-0 b5 10. f3 Nbd7 11. Kb1 a5 12. g4 Nb6 13. h4 b4 14. g5 Nh5 0-1

[Event "COL-chT rapid (Women)"]
[Site "Cartagena"]
[Date "2019.11.29"]
[Round "2.3"]
[White "Florez Hernandez, Stefany Juliet"]
[Black "Rincon Fuquen, Angie Lizeth"]
[Result "1/2-1/2"]
[WhiteElo "1478"]
[BlackElo "1608"]
[PlyCount "154"]
[EventDate "2019.11.29"]
[EventType "team-swiss"]
[EventRounds "7"]
[EventCountry "COL"]
[SourceTitle "CBM 193 Extra"]
[Source "ChessBase"]
[SourceDate "2020.01.31"]
[SourceVersion "1"]
[SourceVersionDate "2020.01.31"]
[SourceQuality "1"]
[WhiteTeam "Norte de Santander (W)"]
[BlackTeam "Boyaca (W)"]
[WhiteTeamCountry "COL"]
[BlackTeamCountry "COL"]

1. d4 d6 2. e3 g6 3. f4 Bg7 4. Bd3 Nd7 5. Nf3 c5 6. c3 Rb8 7. 0-0 Ngf6 8. Nbd2 0-0 9. f5 b5 10. fxg6 hxg6 11. Qe1 e5 12. Qh4 Nh5 13. Be2 Qxh4 14. Nxh4 Nhf6 15. Nhf3 a6 16. Ng5 Nh7 17. Ngf3 Bb7 18. dxe5 Nxe5 19. Nxe5 Bxe5 20. Nf3 Bg7 21. Bd2 Rbe8 22. Rfe1 Nf6 23. Bd3 Be4 24. Bxe4 Nxe4 25. Re2 Bh6 26. Rae1 Re6 27. Bc1 Rfe8 28. Nd2 f5 29. Nxe4 Rxe4 30. g3 f4 31. gxf4 Bxf4 32. Kg2 Be5 33. h3 Kg7 34. Rg1 Rh4 35. e4 Reh8 36. Rh1 R4h5 37. Kf3 a5 38. Kg2 Rh4 39. Bd2 b4 40. Be1 R4h5 41. cxb4 axb4 42. b3 Ra8 43. Bg3 Re8 44. h4 Bxg3 45. Kxg3 d5 46. Kf3 d4 47. Rc2 Rf8+ 48. Ke2 Re5 49. Kd3 Rf4 50. Rhc1 Rexe4 51. Rxc5 Rxh4 52. Rd5 Reg4 53. Rc4 Rg3+ 54. Ke2 Rh2+ 55. Kf1 d3 56. Rc7+ Kh6 57. Rc8 Kg7 58. Rc7+ Kf6 59. Rcd7 Rxa2 60. R7d6+ Kg7 61. Rd7+ Kh6 62. Rxd3 Rxd3 63. Rxd3 g5 64. Rd4 Rb2 65. Rxb4 Kh5 66. Rb8 g4 67. Rh8+ Kg5 68. Rg8+ Kf4 69. Rf8+ Ke4 70. Rg8 Kf3 71. Rf8+ Ke3 72. Rg8 Kf3 73. Rf8+ Kg3 74. Rb8 Kf3 75. Rf8+ Kg3 76. Rb8 Kf3 77. Rf8+ Ke3 1/2-1/2

[Event "COL pre olympic sf3"]
[Site "Cartagena"]
[Date "2019.08.14"]
[Round "1"]
[White "Rincon Fuquen, Angie Lizeth"]
[Black "Torres Cueto, Jesus Marcial"]
[Result "0-1"]
[WhiteElo "1562"]
[BlackElo "2137"]
[PlyCount "42"]
[EventDate "2019.08.14"]
[EventType "swiss"]
[EventRounds "10"]
[EventCountry "COL"]
[SourceTitle "EXT 2020"]
[Source "ChessBase"]
[SourceDate "2019.10.17"]
[SourceVersion "1"]
[SourceVersionDate "2019.10.17"]
[SourceQuality "1"]

1. c4 c5 2. Nc3 Nc6 3. d3 g6 4. g3 Bg7 5. Bg2 d6 6. Nf3 e5 7. e4 Nge7 8. h3 h6 9. Bd2 a6 10. 0-0 0-0 11. b3 Rb8 12. Qc1 Kh7 13. Ne2 Be6 14. a3 b5 15. Rb1 f5 16. Nh2 fxe4 17. dxe4 bxc4 18. b4 cxb4 19. axb4 Nd4 20. Nc3 Nec6 21. Nd5 Ne2+ 0-1

[Event "COL-ch sf1"]
[Site "Medellin"]
[Date "2019.04.18"]
[Round "4"]
[White "Celi, Juan Carlos"]
[Black "Rincon Fuquen, Angie Lizeth"]
[Result "1/2-1/2"]
[WhiteElo "1913"]
[BlackElo "1527"]
[PlyCount "33"]
[EventDate "2019.04.16"]
[EventType "swiss"]
[EventRounds "10"]
[EventCountry "COL"]
[SourceTitle "CBM 190 Extra"]
[Source "ChessBase"]
[SourceDate "2019.07.15"]
[SourceVersion "1"]
[SourceVersionDate "2019.07.15"]
[SourceQuality "1"]

1. e4 e5 2. Nf3 Nc6 3. Bc4 Bc5 4. c3 d6 5. h3 Nf6 6. d3 0-0 7. 0-0 h6 8. Be3 Bb6 9. Nbd2 Be6 10. Bb3 Bxb3 11. Qxb3 Qd7 12. Nc4 Rfd8 13. Rfe1 Qe6 14. Qc2 Ne7 15. a3 Ng6 16. Qd2 Bxe3 17. Nxe3 1/2-1/2

[Event "COL-ch sf1"]
[Site "Medellin"]
[Date "2019.04.17"]
[Round "3"]
[White "Rincon Fuquen, Angie Lizeth"]
[Black "Gomez Rondon, Samuel"]
[Result "1-0"]
[WhiteElo "1527"]
[BlackElo "1696"]
[PlyCount "22"]
[EventDate "2019.04.16"]
[EventType "swiss"]
[EventRounds "10"]
[EventCountry "COL"]
[SourceTitle "CBM 190 Extra"]
[Source "ChessBase"]
[SourceDate "2019.07.15"]
[SourceVersion "1"]
[SourceVersionDate "2019.07.15"]
[SourceQuality "1"]

1. d4 g6 2. c4 Bg7 3. Nc3 Nf6 4. g3 0-0 5. Bg2 d6 6. Nf3 Nbd7 7. 0-0 e5 8. dxe5 Nxe5 9. Nxe5 dxe5 10. Bg5 Be6 11. b3 c6 1-0

[Event "Tunja Boyacense op"]
[Site "Tunja"]
[Date "2018.12.16"]
[Round "6"]
[White "Rincon Fuquen, Angie Lizeth"]
[Black "Bobadilla Tapiero, Naira"]
[Result "1-0"]
[WhiteElo "1537"]
[BlackElo "1402"]
[PlyCount "21"]
[EventDate "2018.12.13"]
[EventType "swiss"]
[EventRounds "7"]
[EventCountry "COL"]
[SourceTitle "CBM 187 Extra"]
[Source "ChessBase"]
[SourceDate "2018.11.04"]
[SourceVersion "1"]
[SourceVersionDate "2018.11.04"]
[SourceQuality "1"]

1. e4 e5 2. Bc4 Nf6 3. d3 h6 4. Nf3 d6 5. c3 Be6 6. Bb3 Nc6 7. Nbd2 d5 8. 0-0 dxe4 9. Nxe4 Nxe4 10. dxe4 Qxd1 11. Rxd1 1-0

[Event "Tunja Boyacense op"]
[Site "Tunja"]
[Date "2018.12.14"]
[Round "2"]
[White "Rincon Fuquen, Angie Lizeth"]
[Black "Florez Caceres, Rafael Omar"]
[Result "0-1"]
[WhiteElo "1537"]
[BlackElo "1440"]
[PlyCount "78"]
[EventDate "2018.12.13"]
[EventType "swiss"]
[EventRounds "7"]
[EventCountry "COL"]
[SourceTitle "CBM 187 Extra"]
[Source "ChessBase"]
[SourceDate "2018.11.04"]
[SourceVersion "1"]
[SourceVersionDate "2018.11.04"]
[SourceQuality "1"]

1. d4 Nf6 2. c4 g6 3. Nc3 Bg7 4. e4 d6 5. Be3 Nbd7 6. Qd2 0-0 7. 0-0-0 Ng4 8. Bg5 f6 9. Bh4 Bh6 10. f4 e5 11. Bg3 f5 12. h3 Ngf6 13. exf5 gxf5 14. Bh2 Qe8 15. Kb1 Qg6 16. g3 Ne4 17. Nxe4 fxe4 18. dxe5 Nxe5 19. Qe3 Nd3 20. Bxd3 exd3 21. Rd2 Be6 22. Nf3 Bxc4 23. Rc1 Rfe8 24. Qg1 Qe4 25. Ng5 Qd5 26. a3 Bg7 27. Rxc4 Qxc4 28. Qd1 Re2 29. Bg1 Rae8 30. Nf3 Qe4 31. Qb3+ Kh8 32. Ng5 Qg6 33. Nf7+ Kg8 34. Ne5+ Qe6 35. Qxe6+ Rxe6 36. Rxd3 dxe5 37. Bxa7 exf4 38. Rd1 Rxb2+ 39. Kc1 Rc6+ 0-1

[Event "Tunja Boyacense op"]
[Site "Tunja"]
[Date "2018.12.13"]
[Round "1"]
[White "Salcedo, Jackeline"]
[Black "Rincon Fuquen, Angie Lizeth"]
[Result "1-0"]
[WhiteElo "2041"]
[BlackElo "1537"]
[PlyCount "25"]
[EventDate "2018.12.13"]
[EventType "swiss"]
[EventRounds "7"]
[EventCountry "COL"]
[SourceTitle "CBM 187 Extra"]
[Source "ChessBase"]
[SourceDate "2018.11.04"]
[SourceVersion "1"]
[SourceVersionDate "2018.11.04"]
[SourceQuality "1"]

1. d4 d5 2. c4 Nf6 3. cxd5 Qxd5 4. Nc3 Qd8 5. e4 c6 6. Bc4 e6 7. Nf3 Be7 8. 0-0 0-0 9. Bd3 Nbd7 10. e5 Nd5 11. Ne4 f5 12. exf6 gxf6 13. Re1 1-0

[Event "COL-ch U1800"]
[Site "Moniquira"]
[Date "2018.07.21"]
[Round "4"]
[White "Mora Suarez, Juan Felipe"]
[Black "Rincon Fuquen, Angie Lizeth"]
[Result "1-0"]
[WhiteElo "1769"]
[BlackElo "1553"]
[PlyCount "51"]
[EventDate "2018.07.19"]
[EventType "swiss"]
[EventRounds "7"]
[EventCountry "COL"]
[SourceTitle "CBM 187 Extra"]
[Source "ChessBase"]
[SourceDate "2018.11.04"]
[SourceVersion "1"]
[SourceVersionDate "2018.11.04"]
[SourceQuality "1"]

1. d4 d5 2. c4 Nf6 3. Nf3 Bf5 4. Nc3 e6 5. g3 c6 6. Bg2 Nbd7 7. Bf4 b6 8. Qa4 a5 9. cxd5 cxd5 10. Ne5 Bb4 11. Nc6 Bxc3+ 12. bxc3 Qc8 13. c4 Be4 14. f3 Bg6 15. 0-0 Qb7 16. Bd6 Rc8 17. cxd5 Nxd5 18. Rfc1 f6 19. e4 Nb4 20. Nxb4 axb4 21. Bh3 f5 22. exf5 Rxc1+ 23. Rxc1 Bxf5 24. Bxf5 exf5 25. Rc7 b5 26. Qd1 1-0

[Event "COL-ch sf 2nd"]
[Site "Tunja"]
[Date "2018.04.22"]
[Round "10"]
[White "Diaz, Luisa Fernanda"]
[Black "Rincon Fuquen, Angie Lizeth"]
[Result "1-0"]
[WhiteElo "1683"]
[BlackElo "1519"]
[PlyCount "111"]
[EventDate "2018.04.17"]
[EventType "swiss"]
[EventRounds "10"]
[EventCountry "COL"]
[SourceTitle "CBM 184 Extra"]
[Source "ChessBase"]
[SourceDate "2018.06.28"]
[SourceVersion "1"]
[SourceVersionDate "2018.06.28"]
[SourceQuality "1"]

1. e4 c6 2. Nc3 d5 3. Nf3 Bg4 4. h3 Bh5 5. Be2 h6 6. 0-0 e6 7. e5 Bg6 8. d4 Nd7 9. Bd3 Bxd3 10. Qxd3 Qc7 11. Ne2 Ne7 12. Ng3 0-0-0 13. a4 Kb8 14. b4 Ka8 15. b5 Ng6 16. Bd2 c5 17. c3 c4 18. Qc2 Be7 19. a5 Qc8 20. Rfb1 Rdg8 21. Bc1 Qf8 22. Qa4 Qd8 23. Ba3 Bxa3 24. Qxa3 Qe7 25. Qc1 Re8 26. Nf1 Nh4 27. Qe3 Nf5 28. Qd2 Nh4 29. Qe2 Nxf3+ 30. Qxf3 g6 31. Ne3 f6 32. exf6 Qxf6 33. Qg3 g5 34. a6 Qf4 35. axb7+ Kxb7 36. Qxf4 gxf4 37. Ng4 h5 38. Nh2 e5 39. dxe5 Rxe5 40. Nf3 Re4 41. Ra6 Nb6 42. Rba1 Ra8 43. Nd4 Rxd4 44. cxd4 c3 45. Rc1 Rc8 46. Ra3 Rc4 47. Raxc3 a6 48. bxa6+ Kxa6 49. Rxc4 dxc4 50. Kf1 Kb5 51. Rb1+ Kc6 52. Ke2 Nd5 53. Kd2 Kd6 54. Rb8 Ke6 55. Rh8 Nf6 56. Rh6 1-0

[Event "COL-ch sf 2nd"]
[Site "Tunja"]
[Date "2018.04.21"]
[Round "9"]
[White "Rincon Fuquen, Angie Lizeth"]
[Black "Cardoso Cardoso, Jaidy Marcela"]
[Result "1/2-1/2"]
[WhiteElo "1519"]
[BlackElo "1785"]
[PlyCount "49"]
[EventDate "2018.04.17"]
[EventType "swiss"]
[EventRounds "10"]
[EventCountry "COL"]
[SourceTitle "CBM 184 Extra"]
[Source "ChessBase"]
[SourceDate "2018.06.28"]
[SourceVersion "1"]
[SourceVersionDate "2018.06.28"]
[SourceQuality "1"]

1. c4 Nf6 2. d4 g6 3. Nc3 Bg7 4. e4 d6 5. Nf3 0-0 6. Be2 c5 7. d5 e6 8. 0-0 exd5 9. exd5 Bf5 10. Bd3 Bg4 11. Re1 Nh5 12. Bd2 Na6 13. h3 Bd7 14. Rc1 f5 15. Ng5 Nc7 16. Re2 Re8 17. g3 h6 18. Nf3 g5 19. Rxe8+ Nxe8 20. Nh2 Nef6 21. b3 Qe7 22. Qe1 Re8 23. Qxe7 Rxe7 24. Re1 Rxe1+ 25. Bxe1 1/2-1/2

[Event "COL-ch sf 2nd"]
[Site "Tunja"]
[Date "2018.04.17"]
[Round "1"]
[White "Rincon Fuquen, Angie Lizeth"]
[Black "Mateus, Martha"]
[Result "0-1"]
[WhiteElo "1519"]
[BlackElo "2124"]
[PlyCount "108"]
[EventDate "2018.04.17"]
[EventType "swiss"]
[EventRounds "10"]
[EventCountry "COL"]
[SourceTitle "CBM 184 Extra"]
[Source "ChessBase"]
[SourceDate "2018.06.28"]
[SourceVersion "1"]
[SourceVersionDate "2018.06.28"]
[SourceQuality "1"]

1. c4 c5 2. Nc3 Nf6 3. e4 d6 4. d3 Nc6 5. Be2 g6 6. Bd2 Bg7 7. Qc1 Nd4 8. Bd1 h5 9. h3 a6 10. Nge2 Nd7 11. Nxd4 cxd4 12. Ne2 Nc5 13. Bc2 a5 14. 0-0 Bd7 15. b3 Qc8 16. Kh2 f5 17. f3 e5 18. a3 b6 19. Rh1 h4 20. Rf1 Qd8 21. Bg5 Bf6 22. Bxf6 Qxf6 23. Qd2 g5 24. Ng1 Ne6 25. Ne2 Ke7 26. Qe1 Rag8 27. b4 a4 28. b5 Nc5 29. Kh1 Kf7 30. Qd2 Ra8 31. Qd1 Kg7 32. Nc1 Qg6 33. Ne2 Rhf8 34. Ng1 Be6 35. Rb1 Ra7 36. Qe2 Raf7 37. Rbe1 Qh5 38. Qd1 fxe4 39. dxe4 Bxc4 40. Rf2 Qg6 41. Rd2 Qe6 42. Qb1 Rc7 43. Red1 Bb3 44. Bxb3 Qxb3 45. Qb2 Qxb2 46. Rxb2 Nb3 47. Ne2 Rfc8 48. Kh2 Rc2 49. Rxc2 Rxc2 50. Ng1 Ra2 51. Rb1 Rxa3 52. Ne2 Ra2 53. Nc1 Ra1 54. Rxa1 Nxa1 0-1

[Event "COL-ch sf2 U18 Girls"]
[Site "Bogota"]
[Date "2016.05.21"]
[Round "4.5"]
[White "Rincon Fuquen, Angie Lizeth"]
[Black "Perez Valcarcel, Maria Jose"]
[Result "1-0"]
[WhiteElo "1548"]
[BlackElo "1453"]
[PlyCount "73"]
[EventDate "2016.05.19"]
[EventType "swiss"]
[EventRounds "6"]
[EventCountry "COL"]
[SourceTitle "EXT 2024"]
[Source "ChessBase"]
[SourceDate "2023.10.10"]
[SourceVersion "1"]
[SourceVersionDate "2023.10.10"]
[SourceQuality "1"]

1. c4 g6 2. Nc3 Bg7 3. d4 Nf6 4. e4 d6 5. Nf3 Nbd7 6. Be2 0-0 7. h3 e5 8. d5 Re8 9. Be3 c6 10. dxc6 bxc6 11. Qxd6 Rb8 12. Qd2 Bb7 13. Bxa7 Ra8 14. Be3 c5 15. Qc2 Qa5 16. 0-0 Qc7 17. Nd5 Qc6 18. Nd2 Nh5 19. Bf3 Nf8 20. Nb3 Ne6 21. Rfb1 Nd4 22. Nxd4 cxd4 23. Bd2 Rac8 24. b3 Nf4 25. Nxf4 exf4 26. Qd3 Qd7 27. Bxf4 Bxe4 28. Bxe4 Rxe4 29. Qxe4 d3 30. Qe1 Bxa1 31. Rxa1 Re8 32. Qc3 Re2 33. Bd2 Qa7 34. Rf1 Qxa2 35. Bh6 Qb2 36. Qxd3 Rd2 37. Bxd2 1-0

[Event "COL-ch Superate B (Women)"]
[Site "Colombia"]
[Date "2015.10.15"]
[Round "6.1"]
[White "Gomez Guardo, Laura Melissa"]
[Black "Rincon Fuquen, Angie Lizeth"]
[Result "0-1"]
[WhiteElo "1832"]
[BlackElo "1626"]
[PlyCount "86"]
[EventDate "2015.10.15"]
[EventType "swiss (rapid)"]
[EventRounds "6"]
[EventCountry "COL"]
[SourceTitle "EXT 2024"]
[Source "ChessBase"]
[SourceDate "2023.10.10"]
[SourceVersion "1"]
[SourceVersionDate "2023.10.10"]
[SourceQuality "1"]

1. d4 d5 2. c4 e6 3. Nf3 Nf6 4. Nc3 c5 5. Bg5 h6 6. Bh4 Be7 7. e3 Nc6 8. Be2 0-0 9. 0-0 b6 10. h3 Bb7 11. Rc1 a6 12. a3 dxc4 13. Bxc4 b5 14. Be2 c4 15. Qc2 Nd5 16. Bxe7 Qxe7 17. Qe4 Rfd8 18. Ne5 Nxe5 19. Qxe5 Qd7 20. e4 Nxc3 21. bxc3 Ra7 22. Rfd1 Qd6 23. Qxd6 Rxd6 24. Bf3 Rd8 25. Ra1 Ba8 26. Rdb1 Rad7 27. Kf1 f6 28. Ke2 Kf8 29. Rd1 Ke7 30. e5 Bxf3+ 31. gxf3 fxe5 32. dxe5 Rxd1 33. Rxd1 Rxd1 34. Kxd1 g5 35. Ke2 Kd7 36. Ke3 Kc6 37. f4 gxf4+ 38. Kxf4 Kd5 39. f3 a5 40. h4 b4 41. axb4 a4 42. b5 a3 43. b6 Kc6 0-1